[Event "19. Bosnjaci Open 2014"]
[Site "Bosnjaci CRO"]
[Date "2014.01.09"]
[Round "9.7"]
[White "Jakic, Ivan"]
[Black "Zufic, Miroslav"]
[Result "0-1"]
[WhiteElo "2404"]
[BlackElo "2466"]
[PlyCount "98"]
[EventDate "2014.01.03"]
[EventType "swiss"]
[EventRounds "9"]
[EventCountry "CRO"]
[Source "lmi"]
[SourceDate "2014.01.03"]

1. e4 c5 2. Nf3 d6 3. d4 cxd4 4. Nxd4 Nf6 5. Nc3 a6 6. Be3 Ng4 7. Bc1 Nf6 8.
Be3 e5 9. Nb3 Be7 10. f3 Be6 11. Qd2 O-O 12. O-O-O a5 13. a4 Nc6 14. Kb1 Nb4
15. g4 Rc8 16. g5 Nh5 17. Rg1 f6 18. g6 hxg6 19. Rxg6 d5 20. Qg2 d4 21. Bh6 Rf7
22. Be2 Qb6 23. Nd5 Bxd5 24. exd5 Rxc2 25. Bd2 d3 26. Bxd3 Nf4 27. Bxc2 Nxg2
28. Bxb4 Ne3 29. Bxa5 Qd6 30. Rd2 Nxc2 31. Kxc2 Qd7 32. Rg4 Bd6 33. Rd3 b5 34.
axb5 Qxb5 35. Bc3 Rc7 36. Nd2 f5 37. Rh4 Rc5 38. Rh5 g6 39. Rg5 Kf7 40. f4 Qa4+
41. b3 Qxf4 42. Rg2 e4 43. Rdg3 e3 44. Nc4 Qe4+ 45. Kb2 Bxg3 46. Rxg3 Rxc4 47.
bxc4 f4 48. Rg1 f3 49. d6 f2 0-1

[Event "19. Bosnjaci Open 2014"]
[Site "Bosnjaci CRO"]
[Date "2014.01.09"]
[Round "9.8"]
[White "Saric, Sinisa"]
[Black "Leskur, Dejan"]
[Result "1/2-1/2"]
[WhiteElo "2406"]
[BlackElo "2395"]
[PlyCount "29"]
[EventDate "2014.01.03"]
[EventType "swiss"]
[EventRounds "9"]
[EventCountry "CRO"]
[Source "lmi"]
[SourceDate "2014.01.03"]

1. d4 d5 2. c4 e6 3. Nc3 Be7 4. Nf3 Nf6 5. Bg5 Nbd7 6. e3 O-O 7. Rc1 a6 8. cxd5
exd5 9. Bd3 Re8 10. O-O c6 11. h3 Nf8 12. Ne5 N6d7 13. Bxe7 Qxe7 14. Nxd7 Bxd7
15. Na4 1/2-1/2

[Event "19. Bosnjaci Open 2014"]
[Site "Bosnjaci CRO"]
[Date "2014.01.09"]
[Round "9.9"]
[White "Novak, Ksenija"]
[Black "Rogulj, Branko"]
[Result "0-1"]
[WhiteElo "2069"]
[BlackElo "2429"]
[PlyCount "78"]
[EventDate "2014.01.03"]
[EventType "swiss"]
[EventRounds "9"]
[EventCountry "CRO"]
[Source "lmi"]
[SourceDate "2014.01.03"]

1. Nf3 Nf6 2. c4 g6 3. g3 Bg7 4. Bg2 O-O 5. O-O d5 6. cxd5 Nxd5 7. d4 Nb6 8.
Nc3 Nc6 9. e3 e5 10. d5 Ne7 11. e4 Bg4 12. Qb3 c6 13. h3 Bxf3 14. Bxf3 cxd5 15.
exd5 Nf5 16. Ne2 Qd7 17. Bd2 Nd6 18. Bb4 Nbc4 19. Bg2 Rfc8 20. Rfc1 Bh6 21. Rc2
a5 22. Bxd6 Nxd6 23. Rxc8+ Rxc8 24. Nc3 f5 25. Rd1 b5 26. Bf1 b4 27. Qa4 Qxa4
28. Nxa4 e4 29. Re1 Kf7 30. Ba6 Rc7 31. Kg2 Kf6 32. f4 g5 33. fxg5+ Bxg5 34. b3
Bd2 35. Re2 e3 36. Nb6 Ke5 37. Nc4+ Nxc4 38. Bxc4 Rxc4 39. bxc4 a4 0-1

[Event "19. Bosnjaci Open 2014"]
[Site "Bosnjaci CRO"]
[Date "2014.01.09"]
[Round "9.10"]
[White "Mrkonjic, Nenad"]
[Black "Stocko, Josip"]
[Result "1-0"]
[WhiteElo "2376"]
[BlackElo "2241"]
[PlyCount "95"]
[EventDate "2014.01.03"]
[EventType "swiss"]
[EventRounds "9"]
[EventCountry "CRO"]
[Source "lmi"]
[SourceDate "2014.01.03"]

1. d4 c5 2. c3 e6 3. Nf3 Nf6 4. Bf4 Nc6 5. e3 d5 6. Be2 Bd6 7. Bxd6 Qxd6 8. O-O
O-O 9. Nbd2 e5 10. h3 cxd4 11. cxd4 e4 12. Nh2 Re8 13. Rc1 Bd7 14. Qb3 Kh8 15.
Rc5 Ne7 16. Rfc1 b6 17. R5c3 Rac8 18. Nb1 Rxc3 19. Rxc3 Nfg8 20. Bb5 f5 21. Qa3
Qe6 22. Qa4 Bxb5 23. Qxb5 Rc8 24. Nf1 Nf6 25. Qa4 Rxc3 26. Nxc3 Nc8 27. Ne2 g5
28. Qc2 Qd7 29. Nfg3 Ne7 30. Qd1 Ng6 31. Nc3 g4 32. hxg4 fxg4 33. Qb3 h5 34.
Qb5 Qe6 35. Qa6 h4 36. Nge2 Qd7 37. Qa4 Qf7 38. Qc6 Kg7 39. Qc8 Ne7 40. Qc7 Nf5
41. Qe5 Ne7 42. Nf4 Kh7 43. Qg5 h3 44. gxh3 gxh3 45. Qh4+ Kg8 46. Qxh3 Kf8 47.
Kf1 Ke8 48. Nb5 1-0

[Event "19. Bosnjaci Open 2014"]
[Site "Bosnjaci CRO"]
[Date "2014.01.09"]
[Round "9.11"]
[White "Patarcic, Domagoj"]
[Black "Petrusic, Toni"]
[Result "0-1"]
[WhiteElo "2096"]
[BlackElo "2302"]
[PlyCount "102"]
[EventDate "2014.01.03"]
[EventType "swiss"]
[EventRounds "9"]
[EventCountry "CRO"]
[Source "lmi"]
[SourceDate "2014.01.03"]

1. d4 Nf6 2. Nc3 d5 3. Bg5 Nbd7 4. Nf3 e6 5. e4 dxe4 6. Nxe4 Be7 7. Bxf6 gxf6
8. Bd3 b6 9. Qe2 Bb7 10. O-O-O c6 11. Rhe1 Qc7 12. Kb1 O-O-O 13. h4 h6 14. Ned2
Kb8 15. Nb3 Rhe8 16. Nfd2 f5 17. Qh5 Rf8 18. Qxh6 Rh8 19. Qe3 Bxh4 20. g3 Bf6
21. c3 c5 22. dxc5 Nxc5 23. Nxc5 Qxc5 24. Qxc5 bxc5 25. Nb3 Rxd3 26. Rxd3 c4
27. Rd7 cxb3 28. Rxf7 bxa2+ 29. Ka1 Bd8 30. c4 Bc8 31. c5 Bb7 32. Kxa2 Bd5+ 33.
Ka3 Bc7 34. b4 a6 35. Ka4 Rh2 36. b5 axb5+ 37. Kxb5 Rxf2 38. Rb1 Rc2 39. Rg7
Kb7 40. g4 fxg4 41. Rxg4 Bf3 42. Rg6 Bc6+ 43. Kb4 Bd5 44. Kb5 Bc4+ 45. Kb4 Kc6
46. Ra1 Bd5 47. Ra7 Rc4+ 48. Ka3 Rxc5 49. Ra6+ Bb6 50. Ra8 Kb5 51. Rb8 Rc2 0-1

[Event "19. Bosnjaci Open 2014"]
[Site "Bosnjaci CRO"]
[Date "2014.01.09"]
[Round "9.14"]
[White "Abdil, Halil"]
[Black "Blagojevic, Marijan"]
[Result "1-0"]
[WhiteElo "2263"]
[BlackElo "2160"]
[PlyCount "75"]
[EventDate "2014.01.03"]
[EventType "swiss"]
[EventRounds "9"]
[EventCountry "CRO"]
[Source "lmi"]
[SourceDate "2014.01.03"]

1. e4 c5 2. Nf3 d6 3. d4 cxd4 4. Nxd4 Nf6 5. Nc3 a6 6. Bg5 e6 7. f4 Be7 8. Qf3
Nbd7 9. O-O-O Qc7 10. g4 h6 11. Bxf6 Nxf6 12. h4 Nh7 13. g5 Nf8 14. Rg1 hxg5
15. hxg5 Ng6 16. f5 Ne5 17. Qg3 Bd7 18. g6 fxg6 19. fxe6 Bc6 20. Nf3 Nxf3 21.
Qxf3 O-O-O 22. Rxg6 Rdf8 23. Qg4 Rh4 24. Qg3 Rh1 25. Qg2 Rh4 26. Rxg7 Rhf4 27.
Bd3 Qd8 28. Nd5 Bxd5 29. exd5 Rf2 30. Qg6 Kb8 31. Kb1 Bf6 32. Rf7 Rg8 33. Qh7
Qc8 34. Rxb7+ Qxb7 35. Qxg8+ Ka7 36. Qf7 Qxf7 37. exf7 Be5 38. Rf1 1-0

[Event "19. Bosnjaci Open 2014"]
[Site "Bosnjaci CRO"]
[Date "2014.01.09"]
[Round "9.15"]
[White "Bosnjak, Nino"]
[Black "Burovic, Rijad"]
[Result "0-1"]
[WhiteElo "2212"]
[BlackElo "1949"]
[PlyCount "64"]
[EventDate "2014.01.03"]
[EventType "swiss"]
[EventRounds "9"]
[EventCountry "CRO"]
[Source "lmi"]
[SourceDate "2014.01.03"]

1. d4 g6 2. e4 Bg7 3. h4 h6 4. Nc3 d6 5. Be3 Nf6 6. Qd2 Ng4 7. Bf4 e5 8. dxe5
dxe5 9. Qxd8+ Kxd8 10. O-O-O+ Nd7 11. Bg3 c6 12. Be2 h5 13. Nf3 Ke7 14. Nd2 Nc5
15. Nc4 f6 16. Na5 Bh6+ 17. Kb1 Ne6 18. Bxg4 hxg4 19. h5 g5 20. Na4 Nf4 21. Nc5
Rb8 22. Bxf4 gxf4 23. Rd3 Rd8 24. Rhd1 Rxd3 25. Rxd3 f5 26. Rb3 Kf6 27. Nxc6
Ra8 28. Nb4 b6 29. Nd5+ Kg5 30. Nc7 bxc5 31. Nxa8 fxe4 32. Nc7 e3 0-1

[Event "19. Bosnjaci Open 2014"]
[Site "Bosnjaci CRO"]
[Date "2014.01.09"]
[Round "9.17"]
[White "Solic, Miroslav"]
[Black "Zivkovic, Nikola"]
[Result "1/2-1/2"]
[WhiteElo "1957"]
[BlackElo "2204"]
[PlyCount "40"]
[EventDate "2014.01.03"]
[EventType "swiss"]
[EventRounds "9"]
[EventCountry "CRO"]
[Source "lmi"]
[SourceDate "2014.01.03"]

1. e4 c5 2. Nc3 d6 3. f4 Nc6 4. Nf3 g6 5. Bb5 Bd7 6. Bxc6 Bxc6 7. O-O Bg7 8. d3
e6 9. f5 Bf6 10. fxe6 fxe6 11. Qe1 e5 12. Qg3 Qe7 13. Rb1 Qg7 14. Ng5 Bxg5 15.
Bxg5 h6 16. Be3 Nf6 17. Rf3 O-O 18. Rbf1 Nh5 19. Rxf8+ Rxf8 20. Rxf8+ Kxf8
1/2-1/2

[Event "19. Bosnjaci Open 2014"]
[Site "Bosnjaci CRO"]
[Date "2014.01.09"]
[Round "9.18"]
[White "Lazor, Vladimir"]
[Black "Perisic, Robert"]
[Result "1/2-1/2"]
[WhiteElo "2194"]
[BlackElo "2064"]
[PlyCount "71"]
[EventDate "2014.01.03"]
[EventType "swiss"]
[EventRounds "9"]
[EventCountry "CRO"]
[Source "lmi"]
[SourceDate "2014.01.03"]

1. e4 c6 2. d4 d5 3. exd5 cxd5 4. c4 Nf6 5. Nc3 e6 6. Nf3 Be7 7. Bd3 O-O 8. O-O
a6 9. a3 dxc4 10. Bxc4 b5 11. Bb3 Bb7 12. Bg5 h6 13. Bh4 Nbd7 14. Qe2 Nb6 15.
Rfd1 Nfd5 16. Bxe7 Qxe7 17. Nxd5 Bxd5 18. Bc2 Rac8 19. Rac1 Rc7 20. Be4 Rfc8
21. Rxc7 Qxc7 22. Bxd5 Nxd5 23. g3 Qc2 24. Rd2 Qb1+ 25. Rd1 Rc2 26. Rxb1 Rxe2
27. Kf1 Rc2 28. Ne1 Rd2 29. Nf3 Rc2 30. Ne1 Rc4 31. Nf3 b4 32. axb4 Rxb4 33.
Ra1 Nc7 34. Rc1 Nb5 35. Rc8+ Kh7 36. Ra8 1/2-1/2

[Event "19. Bosnjaci Open 2014"]
[Site "Bosnjaci CRO"]
[Date "2014.01.09"]
[Round "9.19"]
[White "Sargac, Rajna"]
[Black "Matanovic, Luka"]
[Result "0-1"]
[WhiteElo "2172"]
[BlackElo "2055"]
[PlyCount "70"]
[EventDate "2014.01.03"]
[EventType "swiss"]
[EventRounds "9"]
[EventCountry "CRO"]
[Source "lmi"]
[SourceDate "2014.01.03"]

1. d4 d5 2. e3 Nf6 3. f4 c5 4. Nf3 e6 5. c3 Bd6 6. Bd3 Nc6 7. O-O O-O 8. Nbd2
b6 9. Ne5 Bb7 10. Qe2 Ne7 11. b3 Ne4 12. Bb2 Rc8 13. Rac1 Nf5 14. Bb1 Qe8 15.
Ng4 Ne7 16. c4 f5 17. Ne5 Ba6 18. Bd3 Nc6 19. a3 Na5 20. dxc5 Bxe5 21. Bxe5
Nxd2 22. Qxd2 Nxb3 23. Qc3 Nxc1 24. Rxc1 Qd7 25. Be2 Rxc5 26. Bd4 Rc6 27. Qb4
Qc8 28. Rd1 Bxc4 29. Bh5 Qd7 30. Bf3 Rfc8 31. Bb2 Qf7 32. Qd2 Bb3 33. Rc1 Rxc1+
34. Bxc1 Rc2 35. Qe1 Qf6 0-1

[Event "19. Bosnjaci Open 2014"]
[Site "Bosnjaci CRO"]
[Date "2014.01.09"]
[Round "9.20"]
[White "Knezevic, Igor"]
[Black "Tucakovic, Zdravko"]
[Result "1-0"]
[WhiteElo "2152"]
[BlackElo "1993"]
[PlyCount "41"]
[EventDate "2014.01.03"]
[EventType "swiss"]
[EventRounds "9"]
[EventCountry "CRO"]
[Source "lmi"]
[SourceDate "2014.01.03"]

1. d4 Nf6 2. c4 g6 3. Nf3 d5 4. cxd5 Nxd5 5. h3 Bg7 6. e4 Nb6 7. Nc3 c6 8. Be2
Qc7 9. O-O O-O 10. Be3 N8d7 11. Rc1 Nf6 12. a4 Be6 13. b3 a5 14. d5 Bd7 15. e5
Ne8 16. dxc6 bxc6 17. Bxb6 Qxb6 18. Qxd7 Qxb3 19. Qxc6 Bh6 20. Rb1 Qc2 21. Nd4
1-0

[Event "19. Bosnjaci Open 2014"]
[Site "Bosnjaci CRO"]
[Date "2014.01.09"]
[Round "9.23"]
[White "Blagojevic, Tijana"]
[Black "Pasalic, Adnan"]
[Result "0-1"]
[WhiteElo "2006"]
[BlackElo "2070"]
[PlyCount "74"]
[EventDate "2014.01.03"]
[EventType "swiss"]
[EventRounds "9"]
[EventCountry "CRO"]
[Source "lmi"]
[SourceDate "2014.01.03"]

1. e4 e6 2. d4 d5 3. Nd2 Nf6 4. e5 Nfd7 5. Bd3 b6 6. Qe2 c5 7. c3 Nc6 8. Ngf3
cxd4 9. Nxd4 Ncxe5 10. Bb5 Bd6 11. f4 Ng6 12. g3 O-O 13. Nxe6 Nxf4 14. Nxd8
Nxe2 15. Nxf7 Rxf7 16. Bxe2 Nc5 17. Nb3 Re7 18. Bg5 Re8 19. Rd1 Ba6 20. Nc1 Re6
21. b4 Bxe2 22. Nxe2 Rae8 23. bxc5 Rxe2+ 24. Kf1 Bxc5 25. Rd2 R2e4 26. Kg2 h6
27. Bf4 g5 28. Bxg5 hxg5 29. Rxd5 g4 30. Rg5+ Kh7 31. Rf1 Kh6 32. Rgf5 Re2+ 33.
Kh1 Re1 34. Rf6+ Kg7 35. Rf7+ Kg8 36. R7f4 Rxf1+ 37. Rxf1 Re2 0-1

[Event "19. Bosnjaci Open 2014"]
[Site "Bosnjaci CRO"]
[Date "2014.01.09"]
[Round "9.28"]
[White "Golubicic, Luka"]
[Black "Matanovic, Zlatko"]
[Result "1-0"]
[WhiteElo "1802"]
[BlackElo "2009"]
[PlyCount "39"]
[EventDate "2014.01.03"]
[EventType "swiss"]
[EventRounds "9"]
[EventCountry "CRO"]
[Source "lmi"]
[SourceDate "2014.01.03"]

1. Nf3 d5 2. c4 d4 3. d3 c5 4. g3 Nc6 5. Bg2 e5 6. O-O Bd6 7. Nbd2 Nge7 8. a3
O-O 9. Ne1 Bg4 10. h3 Bh5 11. g4 Bg6 12. Ne4 Bc7 13. Nxc5 f5 14. Ne6 Qd7 15.
Nxf8 Rxf8 16. g5 e4 17. e3 Ne5 18. exd4 Nxd3 19. Nxd3 exd3 20. Qxd3 1-0

[Event "19. Bosnjaci Open 2014"]
[Site "Bosnjaci CRO"]
[Date "2014.01.09"]
[Round "9.34"]
[White "Dunatov, Kresimir"]
[Black "Tomljenovic, Mile"]
[Result "0-1"]
[WhiteElo "1880"]
[BlackElo "1713"]
[PlyCount "34"]
[EventDate "2014.01.03"]
[EventType "swiss"]
[EventRounds "9"]
[EventCountry "CRO"]
[Source "lmi"]
[SourceDate "2014.01.03"]

1. e4 e5 2. Nf3 d6 3. d4 exd4 4. Nxd4 g6 5. Be3 Bg7 6. Nc3 Nf6 7. Qd2 Nc6 8.
O-O-O Be6 9. Be2 Ng4 10. Bxg4 Bxg4 11. f3 Be6 12. Kb1 Ne5 13. Nxe6 fxe6 14. Qe2
Nc6 15. Nd5 exd5 16. exd5 Ne5 17. Bd4 O-O 0-1